000
00235nam a2200121Ia 4500
100
_a
#N/A
942
_c
BK
245
_a
Project Management Interview Questions
260
_b
#N/A
082
_b
21972
546
_a
ENGLISH
999
_c
27545
_d
27545